Bailey’s industrial oil & fat products (vol.3)

The additional volume is mainly on specialty oils and fats and their by products or minor components as well as on those of low-calorie fat substitutes and structured lipids. An article on fish oils one on marine mamal oils are also included in this volume.

সংরক্ষণ করুন:
গ্রন্থ-পঞ্জীর বিবরন
প্রধান লেখক: Bailey, Alton Edward
বিন্যাস: গ্রন্থ
ভাষা:Undetermined
প্রকাশিত: Hoboken, N.J. John Wiley & Sons 2005
বিষয়গুলি:
ট্যাগগুলো: ট্যাগ যুক্ত করুন
কোনো ট্যাগ নেই, প্রথমজন হিসাবে ট্যাগ করুন!
Thư viện lưu trữ: Trung tâm Học liệu Trường Đại học Cần Thơ
LEADER 00846nam a2200205Ia 4500
001 CTU_132813
008 210402s9999 xx 000 0 und d
020 |c 4500000 
082 |a 665.2 
082 |b B155/Vol.3 
100 |a Bailey, Alton Edward 
245 0 |a Bailey’s industrial oil & fat products (vol.3) 
245 0 |c edited by Fereidoon Shahidi 
260 |a Hoboken, N.J. 
260 |b John Wiley & Sons 
260 |c 2005 
520 |a The additional volume is mainly on specialty oils and fats and their by products or minor components as well as on those of low-calorie fat substitutes and structured lipids. An article on fish oils one on marine mamal oils are also included in this volume. 
650 |a Oils and fats.,Công nghệ dầu ăn 
904 |i Năm 
980 |a Trung tâm Học liệu Trường Đại học Cần Thơ